000 01017nam a2200265Ia 4500
003 OSt
005 20221005103606.0
006 a|||||r|||| 00| 0
007 ta
008 221004b |||||||| |||| 00| 0 san d
020 _a9789384168568 (hbk)
_cINR 400.00
024 _a43347
037 _b1401, 08/02/2019, Shivanjali Prakashan & Book Seller
_cTextual
040 _aCRL
_cCRL
_bsan
041 _2san
_asan
082 _aP15:3, 152Q8
100 _aगोयल, प्रीतिप्रभा, ले.
_9158794
245 0 _aसंस्कृत व्याकरण
246 _aSanskṛut vyākaraṇa
260 _aजोधपुर
_bराजस्थानी ग्रन्थागार भारत
_c2018
300 _a336पृ0
_ccm.
650 _aसंस्कृत भाषा
942 _hP15:3, 152Q8
_cTEXL
_2cc
999 _c1010370
_d1010370